|
|
|
|
| LEADER |
03126nam a2200553 a 4500 |
| 001 |
mzk03001214220 |
| 003 |
CZ BrMZK |
| 005 |
20150415125111.0 |
| 007 |
ta |
| 008 |
150415s1706 gw f |||| 0 ger d |
| 040 |
|
|
|a BOA001
|b cze
|
| 041 |
0 |
|
|a ger
|a lat
|
| 072 |
|
7 |
|a 27-46/-48
|x Pastorální teologie
|2 Konspekt
|9 5
|
| 072 |
|
7 |
|a 094
|x Staré tisky
|2 Konspekt
|9 12
|
| 080 |
|
|
|a 27-475.5
|2 MRF
|
| 080 |
|
|
|a 27-564
|2 MRF
|
| 080 |
|
|
|a 025.171
|2 MRF
|
| 080 |
|
|
|a (0:82-5)
|2 MRF
|
| 080 |
|
|
|a (0.068)094
|2 MRF
|
| 100 |
1 |
|
|a Ertl, Ignaz,
|d 1645-1713
|7 mzk2009528482
|4 aut
|
| 245 |
1 |
0 |
|a AMARA DULCIS, Das ist: Bitter-süsses Buß-Kraut, Durch sechs- vnd dreissig, theils bittere, theils süsse Fasten-Exempel, mit schönen Moralieri, vnd sittlichen Lehr-Puncten, allen Sünderen zu einem, Anfangs zwar Bitteren, doch heylsamb- vnd hinnach Süssen Buß-Leben in sechsfacher Matery vorgestellt, vnd außgelegt. Folgen auch vierzehen Passions-Predigen von dem bitteren Leyden vnnd Sterben vnsers Welt-Erlösers IESV CHRISTI, Für den heiligen grünen Donnerstag vnd Charfreytag eingerichtet. Alles Zusammen auff die Sonn- vnnd Feyrtägliche Evangelien durch ein Summarisches Register außgetheilt, vnd zum offenen Truck gegeben /
|c Von P.F. IGNATIO ERTL, Ord. Eremit. S. Augustini, der Chur-Bayrischen Provintz Predigern
|
| 260 |
|
|
|a München :
|b Getruckt bey Johann Lucas Straub, Gem. Lobl. Landschafft Buchtrucker,
|c 1706
|f (In Verlegung Peter Paul Bleuls, Buch- vnd Kunst-Händlern in Nürnberg)
|
| 300 |
|
|
|a [34], 638, [65] s., [1] příl. ;
|c 4°
|
| 500 |
|
|
|a Výzdoba: Mědirytinový frontispis (pravděpodobně portrét Gelasia probošta kláštera v Garsu ; Joann Degler del., Joann Balthaser Wening sculpsit), vlysy, linky z typografických ozdob, iniciály, viněty
|
| 546 |
|
|
|a V německém textu latinské pasáže
|
| 561 |
|
|
|a Provenience: [m.p.] Monasterio Rayhradensi donavit Adm Rdmus ac Eximius Dns Casparus Josephus Höcker Decanus Grulichiensis A. 1727
|
| 563 |
|
|
|a Usňová vazba (vepřovice) zdobená slepotiskovou výzdobou v rámcích, dřevěné desky, dvě spony nezachovány, modrá ořízka
|
| 650 |
|
7 |
|a kázání
|7 ph122077
|2 czenas
|
| 650 |
|
7 |
|a církevní rok
|7 ph114290
|2 czenas
|
| 650 |
|
7 |
|a historické knihovní fondy
|7 ph172933
|2 czenas
|
| 653 |
0 |
|
|a kázání postní
|
| 655 |
|
7 |
|a kázání
|7 fd131846
|2 czenas
|
| 655 |
|
7 |
|a staré tisky
|7 fd422076
|2 czenas
|
| 700 |
1 |
|
|a Degler, Johann,
|d 1667-1729
|7 ola2011645041
|4 egr
|
| 700 |
1 |
|
|a Wening, Johann Balthaser
|4 egr
|
| 856 |
4 |
1 |
|u https://imageserver.mzk.cz/mzk03/001/214/220/328100221785.titul.jp2
|y Titulní list
|
| 903 |
|
|
|a RP
|
| 910 |
|
|
|e BOE950
|c R - E. II. ff. 20
|
| 978 |
|
|
|b Straub, Johann Lukas
|a München
|c 1706
|
| 978 |
|
|
|b Bleul, Peter Paul
|a Nürnberg
|c 1706
|
| 981 |
1 |
|
|a Höcker, Kašpar Josef,
|c děkan v Králíkách
|8 1727
|
| 982 |
0 |
|
|a Rajhrad - benediktinský klášter
|8 1727
|
| 984 |
|
|
|a Mnichov
|b Německo
|
| 984 |
|
|
|a Norimberk
|b Německo
|
| 985 |
|
|
|a 1701-1750
|
| 990 |
|
|
|a BK
|
| 996 |
|
|
|e BOE950
|c R - E. II. ff. 20
|
| 991 |
|
|
|k rajhrad
|
| 980 |
|
|
|c 221785
|g R - E. II. ff. 20
|1 328100221785
|p B.N. 788
|